The Mr . Men And Little Miss " Treasury / (رقم التسجيلة. 116530)

تفاصيل مارك
000 -LEADER
fixed length control field 00578nam a22002057a 4500
005 - DATE AND TIME OF LATEST TRANSACTION
control field 20251108174728.0
008 - FIXED-LENGTH DATA ELEMENTS--GENERAL INFORMATION
fixed length control field 250721s2005 xx 000 0 eng d
020 ## - INTERNATIONAL STANDARD BOOK NUMBER
International Standard Book Number 603562167
082 14 - DEWEY DECIMAL CLASSIFICATION NUMBER
Classification number J/F/HAR
100 1# - MAIN ENTRY--PERSONAL NAME
Personal name hargreawes, roger
Relator term AUTH.
245 14 - TITLE STATEMENT
Title The Mr . Men And Little Miss " Treasury /
264 1# - PRODUCTION, PUBLICATION, DISTRIBUTION, MANUFACTURE, AND COPYRIGHT NOTICE
Place of production, publication, distribution, manufacture los angeles :
Name of producer, publisher, distributor, manufacturer price stern sloan,
Date of production, publication, distribution, manufacture, or copyright notice 2005.
300 ## - PHYSICAL DESCRIPTION
Extent 248 P.
650 17 - SUBJECT ADDED ENTRY--TOPICAL TERM
Topical term or geographic name as entry element FICTION
650 17 - SUBJECT ADDED ENTRY--TOPICAL TERM
Topical term or geographic name as entry element CHILDREN
653 ## - INDEX TERM--UNCONTROLLED
Uncontrolled term اطفال مرحله متوسطه ( 6 - 9 سنوات )
700 1# - ADDED ENTRY--PERSONAL NAME
Personal name hargreaves, adam
Relator term Illus.
942 ## - ADDED ENTRY ELEMENTS (KOHA)
Source of classification or shelving scheme Dewey Decimal Classification
Koha item type كتب
المقتنيات
حالة السحب حالة الفقدان مصدر التصنيف حالة التلف غير قابل للإعارة المكتبة الرئيسية المكتبة الحالية موقع الرف تاريخ التزويد الرقم المتسلسل Total Checkouts رقم الإستدعاء الباركود تاريخ آخر ظهور تاريخ الفاتورة نوع المادة (كوها)
    Dewey Decimal Classification     مكتبة الاميرة بديعة مكتبة الاميرة بديعة الأطفال 14/05/2009 1277216   J/F/HAR PLD00091080 28/07/2025 14/05/2009 كتب
    Dewey Decimal Classification     مكتبة الحسن العامة مكتبة الحسن العامة الأطفال 14/05/2009 1277215   J/F/HAR PLD00091079 28/07/2025 14/05/2009 كتب
    Dewey Decimal Classification     مكتبة الراية الهاشمية للأطفال مكتبة الراية الهاشمية للأطفال الأطفال 14/05/2009 1277214   J/F/HAR PLD00091078 28/07/2025 14/05/2009 كتب
    Dewey Decimal Classification     مكتبة ومركز فرح مكتبة ومركز فرح الأطفال 14/05/2009 1277211   J/F/HAR PLD00091075 28/07/2025 14/05/2009 كتب
    Dewey Decimal Classification     مكتبةمؤتة مكتبةمؤتة الأطفال 14/05/2009 1277213   J/F/HAR PLD00091077 28/07/2025 14/05/2009 كتب
Implemented & Customized by: BBB with SCIT (Smart Chains for Information Technology)

Powered by Koha